[Event "Hospitalet de Llobregat op 4th"]
[Site "Hospitalet de Llobregat"]
[Date "2019.04.06"]
[Round "1"]
[White "Daguro Dasalla, Armando"]
[Black "Socorro Miranda, Gerardo"]
[Result "1-0"]
[WhiteElo "1956"]
[BlackElo "1540"]
[PlyCount "127"]
[EventDate "2019.04.06"]
[EventType "swiss"]
[EventRounds "9"]
[EventCountry "ESP"]
[SourceTitle "CBM 190 Extra"]
[Source "ChessBase"]
[SourceDate "2019.07.15"]
[SourceVersion "1"]
[SourceVersionDate "2019.07.15"]
[SourceQuality "1"]

1. d4 Nf6 2. Nf3 d6 3. Nc3 g6 4. e4 Bg7 5. Be2 0-0 6. h3 b6 7. Be3 Bb7 8. Nd2 e5 9. dxe5 dxe5 10. Bd3 Qe7 11. 0-0 Rd8 12. Qe2 c5 13. Bg5 h6 14. Bh4 g5 15. Bg3 Nc6 16. Nc4 Rd7 17. Ne3 Nd4 18. Qe1 Nh5 19. Ncd5 Qd8 20. c3 Ne6 21. Bb5 Rxd5 22. Nxd5 Nef4 23. Bxf4 Nxf4 24. Rd1 Nxd5 25. exd5 Qd6 26. Qe4 Rf8 27. Qa4 a5 28. Rfe1 Rd8 29. Bc6 Qc7 30. h4 Rd6 31. Bxb7 Qxb7 32. hxg5 hxg5 33. Rd3 Qe7 34. Qe4 Qd7 35. g4 Rf6 36. Rf3 Rf4 37. Rxf4 gxf4 38. f3 Qd6 39. Rd1 Kf8 40. Qf5 Ke7 41. Kg2 b5 42. b3 b4 43. cxb4 axb4 44. Qc8 Kf6 45. Kf2 Ke7 46. Qb7+ Kf6 47. Rc1 Bf8 48. Rc4 Be7 49. Ke2 Kg6 50. Kd3 f5 51. gxf5+ Kxf5 52. Qc8+ Kf6 53. Ke4 Kf7 54. Qf5+ Ke8 55. Qe6 Kd8 56. Qxd6+ Bxd6 57. Rc2 Ke7 58. Rh2 Kf6 59. Rh6+ Ke7 60. Kf5 Bc7 61. Rh7+ Kd6 62. Rxc7 Kxc7 63. Kxe5 Kd7 64. d6 1-0